5HLuxD.jpg

KING HENRY VIII SENIOR AND PRIMARY SCHOOL LIBRARY OPAC

Oath breaker / (Record no. 3871)

000 -LEADER
fixed length control field 01277cam a2200325 a 4500
001 - CONTROL NUMBER
control field 005448213
003 - CONTROL NUMBER IDENTIFIER
control field OSt
005 - DATE AND TIME OF LATEST TRANSACTION
control field 20241113143036.0
008 - FIXED-LENGTH DATA ELEMENTS--GENERAL INFORMATION
fixed length control field 100224r20102008nyuab j 000 1 eng d
020 ## - INTERNATIONAL STANDARD BOOK NUMBER
International Standard Book Number 9781510108653 (pbk.) :
040 ## - CATALOGING SOURCE
Original cataloging agency NCNU
Language of cataloging eng
Transcribing agency NCNU
Modifying agency NCNU
-- KH8
Description conventions AACR2
042 ## - AUTHENTICATION CODE
Authentication code nbic
082 04 - DEWEY DECIMAL CLASSIFICATION NUMBER
Classification number FIC PAV
100 1# - MAIN ENTRY--PERSONAL NAME
Personal name Paver, Michelle.
Relator term aut.
245 10 - TITLE STATEMENT
Title Oath breaker /
Statement of responsibility, etc. Michelle Paver ; [illustrations by Geoff Taylor]
250 ## - EDITION STATEMENT
Edition statement 1st pbk. ed.
260 ## - PUBLICATION, DISTRIBUTION, ETC.
Place of publication, distribution, etc. New York :
Name of publisher, distributor, etc. Katherine Tegen Books,
Date of publication, distribution, etc. 2010, c2008.
300 ## - PHYSICAL DESCRIPTION
Extent 289, 15 p. :
Other physical details ill., maps ;
Dimensions 20 cm.
490 1# - SERIES STATEMENT
Series statement Chronicles of ancient darkness ;
Volume/sequential designation bk. 5.
500 ## - GENERAL NOTE
General note Originally published: London : Orion Children's Books, 2008.
520 ## - SUMMARY, ETC.
Summary, etc. When Bale is killed by the Soul-Eater Thiazzi, Torak sets off into the Deep Forest with his foster father and Renn to avenge his friend's murder, but they find themselves in the midst of a war between the Deep Forest clans.
521 2# - TARGET AUDIENCE NOTE
Target audience note 4-6.
650 #1 - SUBJECT ADDED ENTRY--TOPICAL TERM
Topical term or geographic name entry element Demoniac possession
Form subdivision Fiction.
650 #1 - SUBJECT ADDED ENTRY--TOPICAL TERM
Topical term or geographic name entry element Revenge
Form subdivision Fiction.
650 #1 - SUBJECT ADDED ENTRY--TOPICAL TERM
Topical term or geographic name entry element Good and evil
Form subdivision Fiction.
650 #1 - SUBJECT ADDED ENTRY--TOPICAL TERM
Topical term or geographic name entry element Prehistoric peoples
Form subdivision Fiction.
700 1# - ADDED ENTRY--PERSONAL NAME
Personal name Taylor, Geoff,
Dates associated with a name 1946-
Relator term ill.
800 1# - SERIES ADDED ENTRY--PERSONAL NAME
Personal name Paver, Michelle.
Title of a work Chronicles of ancient darkness ;
Volume/sequential designation bk. 5.
942 ## - ADDED ENTRY ELEMENTS (KOHA)
Source of classification or shelving scheme
Koha item type Books - Fiction
Holdings
Withdrawn status Lost status Source of classification or shelving scheme Damaged status Not for loan Collection code Permanent Location Current Location Shelving location Date acquired Total Checkouts Full call number Barcode Date last seen Date last checked out Price effective from Koha item type
          Fiction KH8 Primary School Library KH8 Primary School Library Fiction 2024-11-13 5 FIC PAV KHPL000004575 2025-12-05 2025-08-27 2024-11-13 Books - Fiction

Powered By KH8 IT Dept